Ekonomika socialistického průmyslu sbírka příkladů

Saved in:
Bibliographic Details
Main Author: Mrázek, Otakar
Corporate Author: Vysoká škola ekonomická v Praze. Výrobně ekonomická fakulta
Format: Book
Language:Czech
Published: Praha Státní pedagogické nakladatelství 1983
Tags: Add Tag
No Tags, Be the first to tag this record!

MARC

LEADER 00000nam a2200000 4500
001 c134213
005 20190425095226.2
041 0 |a cze 
044 |a CZ 
245 1 0 |a Ekonomika socialistického průmyslu  |b sbírka příkladů  |c Otakar Mrázek a kol. 
264 1 |a Praha  |b Státní pedagogické nakladatelství  |c 1983 
300 |a 189 s. 
100 1 |a Mrázek, Otakar 
710 2 |a Vysoká škola ekonomická v Praze. Výrobně ekonomická fakulta